Score 0/22 Timer 07:00
3 Plays Today
% Correct
The Big Bang Theory
97.6%
The Simpsons
94.6%
The Flintstones
93.6%
Family Guy
91.4%
The Golden Girls
91.3%
Malcolm in the Middle
86.9%
Parks and Recreation
86.3%
Full House
84.1%
Gilligan's Island
81.7%
Bob's Burgers
79.8%
Married... with Children
77%
% Correct
Mike & Molly
76.8%
Roseanne
74.7%
Modern Family
72.8%
Family Matters
71.9%
Laverne & Shirley
70.1%
Curb Your Enthusiasm
62.5%
Dexter
60.9%
Glee
49.9%
Bones
36.7%
That Girl
29.2%
Ed
27.9%
Remove Ads.
Support Sporcle.
Get the best of Sporcle when you Go Orange. This ad-free experience offers more features, more stats, and more fun while also helping to support Sporcle. Thank you for becoming a member.

You're not logged in!

Compare scores with friends on all Sporcle quizzes.
OR
Log In

Show Comments

Extras

Top Quizzes Today


Score Distribution

Your Account Isn't Verified!

In order to create a playlist on Sporcle, you need to verify the email address you used during registration. Go to your Sporcle Settings to finish the process.

Report this User

Report this user for behavior that violates our Community Guidelines.

Details: